00329nam a2200121Ia 4500008004100000041001200041082002100053100002200074245007500096260001500171300000800186650001300194231217s9999 xx 000 0 und d aEnglish a001.6424WOR TAX aTaxali, Ravi Kant 0aWordstar professional 4.0 made simple: With an overview of release 5.5 c1993bTMH, a285 aWordstar